00000000nam 2200000zi 4500
0019.921969
003CaOODSP
00520230426092213
006m     o  d f      
007cr bn|||||||||
008230426t19811981onc     ob   f000 0 fre d
020 |a0662914775 |q(imprimé)
040 |aCaOODSP|bfre|erda|cCaOODSP
0410 |afre|bfre|beng
043 |an-cn---
045 |ax6x7
0861 |aEn42-1/3-81-7F-PDF
0861 |aEn46-3/81-7F|zEm46-3/81-7F
1001 |aShnay, R. C., |eauteur.
24512|aL'utilisation des déchets métalliques ferreux au Canada - 1978 / |cR.C. Shnay, Ing. proc. F.I.M., Robert Shnay and Associates Ltd.
264 1|a[Ottawa] : |bDirection des déchets, Direction générale du contrôle des incidences environnementales, Service de la protection de l'environnement, Environnement Canada, |c1981.
264 4|c©1981
300 |a1 ressource en ligne (xv, 67 pages).
336 |atexte|btxt|2rdacontent/fre
337 |ainformatique|bc|2rdamedia/fre
338 |aressource en ligne|bcr|2rdacarrier/fre
4901 |a[Série de rapports du Service de la protection de l'environnement]
500 |aPublié aussi en anglais sous le titre : The utilization of ferrous scrap in Canada - 1978.
500 |a« Rapport SPE 3-EC-81-7F. »
500 |a« Novembre 1981. »
500 |aÉdition numérisée de l'imprimé [par Environnement et changement climatique Canada].
504 |aComprend des références bibliographiques (page 58).
546 |aComprend des résumés en français et an anglais.
650 6|aDéchets métalliques|xIndustrie|zCanada.
650 6|aDéchets métalliques|xRecyclage|zCanada.
650 6|aRécupération (Déchets, etc.)|zCanada.
7101 |aCanada. |bService de la protection de l'environnement, |eorganisme de publication.
7101 |aCanada. |bDirection générale du contrôle des incidences environnementales, |eorganisme de publication.
830#0|aSérie de rapports du Service de la protection de l'environnement.|w(CaOODSP)9.866045
85640|qPDF|s3.56 Mo|uhttps://publications.gc.ca/collections/collection_2023/eccc/en42/En42-1-3-81-7-fra.pdf